[Event "AUTO-ELITE-251"]
[Site "http://www.queenalice.com/game.php?id=500204"]
[Date "2008.11.29"]
[Round "1"]
[White "Mirok"]
[Black "kimonif"]
[Result "1/2-1/2"]
[WhiteElo "2354"]
[BlackElo "2389"]

1. c4 Nf6 2. Nc3 e6 3. Nf3 b6 4. e4 Bb7 5. Bd3 d6 6. Bc2 c5 7. d4 cxd4 8. Nxd4
Be7 9. O-O O-O 10. b3 Nbd7 11. Re1 a6 12. a4 Rc8 13. f4 Re8 14. Kh1 g6 15. f5
exf5 16. exf5 d5 17. Bb2 Nc5 18. cxd5 Nxd5 19. Nxd5 Qxd5 20. Nf3 Qxd1 21. Raxd1
Bf8 22. Bd4 Bxf3 23. gxf3 Rxe1+ 24. Rxe1 Nxa4 25. fxg6 hxg6 26. Bxg6 fxg6 27.
bxa4 Rc4 28. Bxb6 Rxa4 29. Re5 Kf7 30. Ra5 Rxa5 31. Bxa5 Ke6 32. Kg2 Bd6 33. Kh3
Kd5 34. Kg4 Bxh2 35. Kg5 Kd4 36. Kxg6 Ke3 37. Kf5 Kxf3 38. Bc3 Ke3 39. Be5 Bg1
40. Bc7 Kd3 41. Ba5 Kc4 42. Ke5 Kb5 43. Bd8 Kc5 44. Ke4 Kc4 45. Bc7 Kb5 46. Kd3
Bb6 47. Bxb6 1/2-1/2

[Event "AUTO-ELITE-251"]
[Site "http://www.queenalice.com/game.php?id=500205"]
[Date "2008.11.29"]
[Round "1"]
[White "kimonif"]
[Black "Mirok"]
[Result "1/2-1/2"]
[WhiteElo "2388"]
[BlackElo "2367"]

1. e4 c5 2. Nf3 Nc6 3. d4 cxd4 4. Nxd4 Nf6 5. Nc3 e5 6. Ndb5 d6 7. Bg5 a6 8. Na3
b5 9. Bxf6 gxf6 10. Nd5 f5 11. Bd3 Be6 12. c3 Bg7 13. Qh5 O-O 14. O-O f4 15. Nc2
f5 16. a4 Bxd5 17. exd5 Ne7 18. axb5 e4 19. Bc4 axb5 20. Bxb5 Rxa1 21. Rxa1 Qb6
22. Qe2 Rb8 23. Na3 Kh8 24. Rd1 Qc5 25. c4 Qb4 26. Rb1 Qb3 27. Qd2 Be5 28. Qc1
Qd3 29. Qf1 Qd2 30. Qd1 Qxd1+ 31. Rxd1 Bxb2 32. Nc2 Kg7 33. Kf1 Bc3 34. Rb1 Kf6
35. Rb3 Be5 36. Ke2 Kf7 37. Kf1 Ra8 38. Ra3 Rxa3 39. Nxa3 Bb2 40. Nc2 Bc3 41. g3
Be5 42. Nb4 Ng6 43. Nc6 h5 44. Nxe5+ Nxe5 45. gxf4 Nd3 46. Ke2 Nxf4+ 47. Ke3 Nh3
48. f3 exf3 49. Kxf3 h4 50. Ke3 Ng5 51. Kf4 Kf6 52. Bd7 Nh3+ 53. Ke3 Ke5 54. Be8
f4+ 55. Kd3 Nf2+ 56. Ke2 Ne4 57. Bd7 Nc5 1/2-1/2

[Event "AUTO-ELITE-273"]
[Site "http://www.queenalice.com/game.php?id=519284"]
[Date "2009.1.8"]
[Round "1"]
[White "kimonif"]
[Black "mandaragit"]
[Result "1-0"]
[WhiteElo "2365"]
[BlackElo "2157"]

1. e4 e6 2. d4 d5 3. Nc3 Nf6 4. Bg5 Bb4 5. e5 h6 6. Bd2 Bxc3 7. bxc3 Ne4 8. Qg4
Kf8 9. Bd3 Nxd2 10. Kxd2 c5 11. Nf3 c4 12. Be2 Nc6 13. Rhb1 Rb8 14. Rb2 Bd7 15.
Qf4 b5 16. Rab1 Qa5 17. Qe3 Ke7 18. Ng1 Rb6 19. Qg3 Kf8 20. Qe3 Ke7 21. Qg3 Kf8
22. Kd1 1-0

[Event "AUTO-ELITE-273"]
[Site "http://www.queenalice.com/game.php?id=519285"]
[Date "2009.1.8"]
[Round "1"]
[White "mandaragit"]
[Black "kimonif"]
[Result "0-1"]
[WhiteElo "2230"]
[BlackElo "2369"]

1. d4 Nf6 2. c4 e6 3. Nf3 b6 4. g3 Bb7 5. Bg2 Be7 6. O-O O-O 7. Nc3 Ne4 8. Nxe4
Bxe4 9. Ne1 Bxg2 10. Nxg2 d5 11. cxd5 Qxd5 12. Nf4 Qb7 13. Qc2 Rd8 14. Rd1 Na6
15. e4 Nb4 16. Qe2 e5 17. a3 exf4 18. axb4 fxg3 19. hxg3 Bxb4 20. Bf4 a5 21.
Rac1 c5 22. d5 a4 0-1

[Event "AUTO-ELITE-273"]
[Site "http://www.queenalice.com/game.php?id=519286"]
[Date "2009.1.8"]
[Round "1"]
[White "kimonif"]
[Black "Chuzete"]
[Result "1-0"]
[WhiteElo "2371"]
[BlackElo "2312"]

1. e4 c5 2. Nf3 d6 3. d4 cxd4 4. Nxd4 Nf6 5. Nc3 a6 6. Be3 e5 7. Nb3 Be6 8. f3
Be7 9. Qd2 Nbd7 10. g4 O-O 11. O-O-O b5 12. g5 b4 13. gxf6 bxc3 14. Qxc3 Nxf6
15. Na5 Rc8 16. Nc6 Qc7 17. Nxe7+ Qxe7 18. Qa3 Rc6 19. Rg1 Qc7 20. Bd3 g6 21.
Kb1 d5 22. Bg5 Nh5 23. exd5 Bxd5 24. Rgf1 1-0

[Event "AUTO-ELITE-273"]
[Site "http://www.queenalice.com/game.php?id=519287"]
[Date "2009.1.8"]
[Round "1"]
[White "Chuzete"]
[Black "kimonif"]
[Result "0-1"]
[WhiteElo "2304"]
[BlackElo "2379"]

1. e4 c5 2. Nf3 d6 3. d4 cxd4 4. Nxd4 Nf6 5. Nc3 a6 6. Bc4 e6 7. Bb3 b5 8. O-O
Be7 9. Be3 O-O 10. f4 b4 11. Na4 Nxe4 12. f5 d5 13. fxe6 fxe6 14. Nf5 Bg5 15.
Bxg5 Nxg5 16. Qd4 Rf7 17. Qb6 Nc6 18. h4 Rc7 19. hxg5 Rb8 20. Qe3 exf5 21. Bxd5+
Kh8 22. Rad1 Rd7 23. Nc5 Rxd5 0-1

[Event "Challenge"]
[Site "http://www.queenalice.com/game.php?id=527735"]
[Date "2009.1.23"]
[Round "-"]
[White "pickles"]
[Black "kimonif"]
[Result "1-0"]
[WhiteElo "2379"]
[BlackElo "2377"]

1. d4 Nf6 2. c4 e6 3. Nc3 Bb4 4. Qc2 c5 5. dxc5 Bxc5 6. Nf3 Nc6 7. Bg5 h6 8. Bh4
g5 9. Bg3 Nh5 10. O-O-O Nxg3 11. hxg3 g4 12. Nd2 Bxf2 13. Nde4 Bd4 14. Qd2 Bg7
15. Nd6+ Kf8 16. Kb1 Qg5 17. e3 Be5 18. c5 b6 19. Bb5 Kg7 20. Rdf1 Bxd6 21. Bxc6
dxc6 22. Qxd6 Qxc5 23. Qc7 1-0

[Event "Challenge"]
[Site "http://www.queenalice.com/game.php?id=529825"]
[Date "2009.1.26"]
[Round "-"]
[White "kimonif"]
[Black "Kiwizany"]
[Result "1/2-1/2"]
[WhiteElo "2381"]
[BlackElo "2302"]

1. e4 c6 2. d4 d5 3. Nc3 dxe4 4. Nxe4 Nd7 5. Nf3 Ngf6 6. Nxf6+ Nxf6 7. c3 Bg4 8.
h3 Bxf3 9. Qxf3 Qd5 10. Qxd5 cxd5 11. Bb5+ Kd8 12. Bf4 e6 13. O-O a6 14. Bd3 Kd7
15. Rfe1 Bd6 16. Bxd6 Kxd6 17. Re3 Ke7 18. f4 g6 19. g4 Rhg8 20. Rae1 h5 21. g5
Nd7 22. h4 Kf8 23. a4 Kg7 24. Kf2 Nb8 25. Ke2 Nc6 26. Kf3 Rac8 27. R3e2 Rgd8 28.
Ke3 Na5 29. Ra1 Re8 30. Kf3 Rh8 1/2-1/2

[Event "AUTO-ELITE-273"]
[Site "http://www.queenalice.com/game.php?id=567770"]
[Date "2009.4.6"]
[Round "2"]
[White "kimonif"]
[Black "beckhamf2000"]
[Result "1/2-1/2"]
[WhiteElo "2388"]
[BlackElo "2387"]

1. e4 c5 2. Nf3 Nc6 3. d4 cxd4 4. Nxd4 Nf6 5. Nc3 e5 6. Ndb5 d6 7. Bg5 a6 8. Na3
b5 9. Bxf6 gxf6 10. Nd5 Bg7 11. Bd3 Ne7 12. Nxe7 Qxe7 13. c4 f5 14. O-O O-O 15.
cxb5 d5 16. exd5 e4 17. Qe2 Rb8 18. Rab1 Rb6 19. Qe3 Rg6 20. bxa6 Qh4 21. a7 Bb7
1/2-1/2

[Event "AUTO-ELITE-273"]
[Site "http://www.queenalice.com/game.php?id=567771"]
[Date "2009.4.6"]
[Round "2"]
[White "beckhamf2000"]
[Black "kimonif"]
[Result "1/2-1/2"]
[WhiteElo "2462"]
[BlackElo "2405"]

1. e4 c5 2. Nf3 d6 3. d4 cxd4 4. Nxd4 Nf6 5. Nc3 a6 6. Be3 e5 7. Nb3 Be6 8. Qd2
Nbd7 9. f4 Ng4 10. f5 Bxb3 11. axb3 Nxe3 12. Qxe3 Be7 13. Bc4 O-O 14. Qf3 Rc8
15. Nd5 Nb6 16. Qf2 Nxc4 17. bxc4 Rxc4 18. Qe2 Rc8 19. O-O Bg5 20. Rf3 f6 21.
Rb3 Rf7 22. Rh3 Rc5 23. Rd1 b5 24. c3 a5 25. Qh5 Bh6 26. Rg3 Kf8 27. Rgd3 Rd7
28. Qf3 a4 29. Qf2 Rc6 30. Ra1 Kg8 31. Kh1 Rb7 32. Qg1 Rc4 33. Qd1 Rf7 34. Qe2
Rd7 35. Rdd1 Rb7 36. Rdb1 Qb8 37. b3 axb3 38. Rxb3 Ra4 39. Rab1 Bg5 40. g3 Ra5
41. Kg2 Qa8 42. Rxb5 Rbxb5 43. Rxb5 Rxb5 44. Qxb5 h6 45. h4 Bc1 46. Kh3 Kh8 47.
Kg4 Qc8 48. Kh5 Kh7 49. Qa4 Bd2 50. Qa2 Qe8+ 51. Kg4 Bc1 52. Qa1 Bd2 53. Qd1 h5+
54. Kh3 Bh6 55. Qe2 Qf7 56. Qa6 Qf8 57. Qb7 Bc1 58. Qd7 Bd2 59. Kg2 Kh8 60. c4
Kh7 61. Nc7 Bb4 62. Ne6 Qg8 63. Qe7 Kh8 64. Qa7 Bc5 65. Qc7 Ba3 66. Kf3 Bc5 67.
Qc6 Ba3 68. g4 hxg4+ 69. Kxg4 Kh7 70. Qc7 Bb4 71. Qa7 Bc5 72. Qe7 Kh6 73. Kg3
Bb4 74. Kf3 Bc5 75. Ke2 Bb4 76. Kf2 Ba3 77. Kg2 1/2-1/2

[Event "AUTO-ELITE-336"]
[Site "http://www.queenalice.com/game.php?id=584754"]
[Date "2009.5.7"]
[Round "1"]
[White "Donidon"]
[Black "kimonif"]
[Result "1/2-1/2"]
[WhiteElo "2356"]
[BlackElo "2387"]

1. e4 c5 2. Nf3 d6 3. d4 cxd4 4. Nxd4 Nf6 5. Nc3 a6 6. Be2 e5 7. Nb3 Be7 8. O-O
Be6 9. Be3 Nbd7 10. f4 Qc7 11. f5 Bc4 12. Bxc4 Qxc4 13. Qf3 O-O 14. Rfd1 Rac8
15. a4 d5 16. exd5 Bb4 17. Na2 Qxc2 18. Nd4 exd4 19. Nxb4 Qxb2 20. Rab1 Qa3 21.
Bxd4 Qxa4 22. d6 Rc4 23. Bxf6 Rxb4 24. Bc3 Rb3 25. Re1 Rxb1 26. Rxb1 b5 27. f6
Nxf6 28. Bxf6 gxf6 29. Qxf6 Qe4 30. Rd1 Qe2 31. Qg5+ Kh8 32. Qf6+ Kg8 33. Qg5+
Kh8 34. Rc1 Qe6 35. Qc5 f6 36. d7 Rd8 37. Rd1 Kg8 38. Qc7 Qe7 39. Qg3+ Kh8 40.
Qd3 Kg7 41. Qg3+ Kf8 42. Qd3 h6 43. Kh1 Kg7 44. Qg3+ Kf7 45. Qd3 Kg7 46. Qg3+
Kf7 47. Qd3 Kg7 1/2-1/2

[Event "AUTO-ELITE-336"]
[Site "http://www.queenalice.com/game.php?id=584755"]
[Date "2009.5.7"]
[Round "1"]
[White "kimonif"]
[Black "Donidon"]
[Result "1-0"]
[WhiteElo "2386"]
[BlackElo "2390"]

1. e4 c5 2. Nf3 Nc6 3. d4 cxd4 4. Nxd4 d6 5. c4 Nf6 6. Nxc6 bxc6 7. Nc3 e5 8.
Be2 Be7 9. O-O O-O 10. Be3 Rb8 11. b3 Qa5 12. Qd2 Kh8 13. Qc2 Be6 14. Rad1 Rfc8
15. Bd2 Qc7 16. f4 exf4 17. Bxf4 Nd7 18. Na4 Ne5 19. c5 d5 20. exd5 cxd5 21. Bf3
Rd8 22. Kh1 f6 23. Rfe1 g5 24. Bg3 Bf8 25. Qf2 Bg7 26. Nc3 Qf7 27. Qe3 Qg8 28.
Be2 Qe8 29. Rd4 a5 30. Red1 Qc6 31. Ra4 Ra8 32. Nb5 Rdb8 33. Nd6 Rb4 34. Rxb4
axb4 35. Bb5 Qc7 36. Ne8 Qb8 37. Bxe5 Qxe5 38. Qxe5 fxe5 39. Nc7 Bg4 40. Nxa8
Bxd1 41. Nb6 e4 42. c6 Be5 43. Nxd5 Bg4 44. c7 Bc8 45. Ne7 Bxc7 46. Nxc8 Kg8 47.
g3 Kf7 48. Bc6 e3 49. Kg2 Be5 50. Kf3 Bd4 51. Nd6+ Ke6 52. Nc4 g4+ 53. Ke2 h6
54. Nxe3 1-0

[Event "AUTO-ELITE-336"]
[Site "http://www.queenalice.com/game.php?id=584762"]
[Date "2009.5.7"]
[Round "1"]
[White "kimonif"]
[Black "PackoJones"]
[Result "1/2-1/2"]
[WhiteElo "2407"]
[BlackElo "2535"]

1. e4 e5 2. Nf3 Nc6 3. Bb5 a6 4. Ba4 d6 5. c3 Bd7 6. d4 g6 7. O-O Bg7 8. Re1 b5
9. Bb3 Nf6 10. a4 O-O 11. Bg5 exd4 12. cxd4 h6 13. axb5 axb5 14. Rxa8 Qxa8 15.
Bxf6 Bxf6 16. Nc3 Bg7 17. Qd3 Na5 18. Ra1 c6 19. Ne2 Qd8 20. Ba2 Nc4 21. Bxc4
bxc4 22. Qxc4 Re8 23. Qc2 Qb6 24. Rd1 Rb8 25. Rd2 Bg4 26. h3 Bxf3 27. gxf3 c5
28. Qd3 Qa5 29. Rc2 cxd4 30. Nxd4 Qg5+ 31. Kf1 Ra8 32. Nb3 Be5 33. Qd2 Bf4 34.
Qd3 Qf6 35. Qb5 Be5 36. Nd2 Qh4 37. Kg2 h5 38. Qd5 Ra7 39. Nf1 Qg5+ 40. Kh1 Qf6
41. Kg2 Kh7 42. Qd2 Ra4 43. Ne3 Qf4 44. Nf1 Qf6 45. Ne3 Qg5+ 46. Kf1 Qh4 47. Kg2
Rd4 48. Qc1 Qf4 49. Nf1 Qf6 50. Qe3 Rd1 51. b3 h4 52. Qe2 Qg5+ 53. Kh1 Rb1 54.
Qd3 Bd4 55. Qc4 Kh6 56. f4 Qxf4 57. Qxd4 Rxf1+ 58. Kg2 Rb1 59. Qd2 Qg5+ 60.
Qxg5+ Kxg5 61. Rd2 Rxb3 62. Rxd6 Kf4 63. Rf6+ Kxe4 64. Rxf7 g5 65. Re7+ Kf5 66.
Rf7+ Ke6 67. Rf8 Ke5 68. Re8+ Kf6 1/2-1/2

[Event "AUTO-ELITE-336"]
[Site "http://www.queenalice.com/game.php?id=584763"]
[Date "2009.5.7"]
[Round "1"]
[White "PackoJones"]
[Black "kimonif"]
[Result "1-0"]
[WhiteElo "2532"]
[BlackElo "2410"]

1. e4 c5 2. Nf3 d6 3. d4 cxd4 4. Nxd4 Nf6 5. Nc3 a6 6. f3 e5 7. Nb3 Be6 8. Be3
Nbd7 9. Qd2 b5 10. O-O-O Be7 11. g4 Nb6 12. g5 Nfd7 13. Na5 Qc7 14. Nd5 Bxd5 15.
exd5 Rc8 16. c3 Nxd5 17. Qxd5 Qxa5 18. h4 O-O 19. Kb1 Qc7 20. Bd3 Kh8 21. f4 Qc6
22. Bf5 Qxd5 23. Rxd5 Rc7 24. Bxd7 exf4 25. Bxb5 fxe3 26. Bxa6 f5 27. gxf6 Rxf6
28. Rh3 Re6 29. Be2 Rc5 30. Rd3 Rce5 31. a4 g5 32. hxg5 Bxg5 33. b4 Rf5 34. Kc2
Rf2 35. Kd1 Rg2 36. Rh1 Bd8 37. a5 Rg5 38. Re1 Rg3 39. Rf1 Rg8 40. Bf3 Bg5 41.
a6 Rf8 42. Be2 Rfe8 43. Rd5 Bf6 44. b5 Bxc3 45. b6 1-0

[Event "AUTO-ELITE-251"]
[Site "http://www.queenalice.com/game.php?id=595226"]
[Date "2009.5.29"]
[Round "2"]
[White "Mirok"]
[Black "kimonif"]
[Result "0-1"]
[WhiteElo "2402"]
[BlackElo "2406"]

1. d4 Nf6 2. g3 g6 3. Bg2 Bg7 4. e4 d6 5. Nc3 O-O 6. Nge2 e5 7. O-O exd4 8. Nxd4
Nc6 9. Nde2 Re8 10. h3 Rb8 11. Re1 b5 12. Nf4 b4 13. Nb1 Nd7 14. Nd2 a5 15. Rb1
Ba6 16. h4 Nce5 17. Nf3 Nxf3+ 18. Bxf3 Nc5 19. b3 Bb7 20. Nd5 c6 21. Nf4 Qe7 22.
Bd2 Ba6 23. Nd3 Ne6 24. Nf4 Nc7 25. Ne2 Nb5 26. Bf4 c5 27. Bg5 Qd7 28. Rc1 Bb2
29. Rb1 Bc3 30. Bd2 Be5 31. Bh6 Na3 32. Rc1 Bb2 33. c4 Bb7 34. Nf4 Bxc1 35. Qxc1
Qe7 36. Nd3 Qf6 37. Bf4 Rbd8 38. Bg2 Qc3 39. Qxc3 bxc3 40. Bg5 Ra8 41. e5 Bxg2
42. Kxg2 Ra6 43. Rc1 c2 44. Kf3 a4 45. Be3 dxe5 46. Nxc5 axb3 47. axb3 Rd6 48.
Ke2 Rb8 49. Bd2 f6 50. Be3 f5 51. f3 Rdd8 0-1

[Event "AUTO-ELITE-251"]
[Site "http://www.queenalice.com/game.php?id=595227"]
[Date "2009.5.29"]
[Round "2"]
[White "kimonif"]
[Black "Mirok"]
[Result "1-0"]
[WhiteElo "2398"]
[BlackElo "2405"]

1. e4 c5 2. Nf3 d6 3. d4 cxd4 4. Nxd4 Nf6 5. Nc3 a6 6. Bg5 e6 7. f4 Nc6 8. Nxc6
bxc6 9. e5 h6 10. Bh4 g5 11. fxg5 Nd5 12. Nxd5 exd5 13. Qh5 Qb6 14. Be2 Bf5 15.
exd6 Bxd6 16. gxh6 Bg6 17. Qg5 Qxb2 18. O-O Qe5 19. Qxe5+ Bxe5 20. Rae1 Bc3 21.
Bf6 Bxe1 22. Bxh8 Bd2 23. Bg7 Bxc2 24. Rf3 Be4 25. Rh3 Bh7 26. g4 Bb4 27. Bd3
1-0

[Event "AUTO-ELITE-251"]
[Site "http://www.queenalice.com/game.php?id=595230"]
[Date "2009.5.29"]
[Round "2"]
[White "kimonif"]
[Black "Ikki_de_Fenix"]
[Result "1-0"]
[WhiteElo "2423"]
[BlackElo "2511"]

1. e4 e5 2. Nf3 Nc6 3. Bb5 a6 4. Ba4 Nf6 5. O-O Be7 6. Re1 b5 7. Bb3 O-O 8. c3
d6 9. h3 Na5 10. Bc2 c5 11. d4 Qc7 12. Nbd2 cxd4 13. cxd4 Nc6 14. a3 Bb7 15. d5
Na5 16. Nf1 Rfc8 17. Bd3 Nc4 18. Ng3 Nb6 19. b3 g6 20. Be3 Nbd7 21. Qe2 Qd8 22.
a4 b4 23. Rac1 Qa5 24. Nd2 Nb6 25. Bh6 Bf8 26. Bxf8 Kxf8 27. Qe3 Rxc1 28. Rxc1
Rc8 29. Rxc8+ Bxc8 30. Nf3 Nbd7 31. Qh6+ Kg8 32. Qg5 Qc7 33. Bc4 Kh8 34. Nd2 Ng8
35. Qe3 Kg7 36. Be2 Ngf6 37. Nc4 a5 38. Bf1 h6 39. Nd2 Nb6 40. Bb5 Nfd7 41. Ngf1
f5 42. Bxd7 f4 43. Qe2 Nxd7 44. Qb5 Nc5 45. Nh2 Ba6 46. Qc6 Qxc6 47. dxc6 Kf7
48. Nhf3 Ke8 49. Nh4 1-0

[Event "AUTO-ELITE-251"]
[Site "http://www.queenalice.com/game.php?id=595231"]
[Date "2009.5.29"]
[Round "2"]
[White "Ikki_de_Fenix"]
[Black "kimonif"]
[Result "0-1"]
[WhiteElo "2501"]
[BlackElo "2433"]

1. e4 c5 2. Nf3 d6 3. d4 cxd4 4. Nxd4 Nf6 5. Nc3 a6 6. Be3 e5 7. Nf3 Be7 8. Bc4
O-O 9. O-O Nc6 10. a3 Be6 11. Qd3 b5 12. Bxe6 fxe6 13. h3 h6 14. Ne2 d5 15. Ng3
d4 16. Bd2 Nd7 17. Bb4 Nc5 18. Bxc5 Bxc5 19. Rfd1 Rc8 20. Rac1 Qb6 21. b4 Bd6
22. Qb3 Rfe8 23. c3 Bb8 24. Rc2 Kh7 25. Nh5 Rcd8 26. Rcd2 Kh8 27. Ng3 Ba7 28.
Rc1 Rc8 29. Rdc2 dxc3 30. Qxc3 Kh7 31. Qb2 Qb7 32. Ne2 Rf8 33. Qa2 Qd7 34. Qb2
Qb7 35. Qb1 Nd4 36. Nexd4 exd4 37. Qb3 Rxc2 38. Qxc2 Rd8 39. Qc7 Qxc7 40. Rxc7
Bb8 41. Rc1 Kg6 42. Kf1 Bf4 43. Rc6 d3 44. Ke1 d2+ 45. Kd1 Rd3 46. Rxe6+ Kf7 47.
Ne5+ Bxe5 48. Rxe5 Rxa3 0-1

[Event "Challenge"]
[Site "http://www.queenalice.com/game.php?id=624734"]
[Date "2009.7.25"]
[Round "-"]
[White "Conde7"]
[Black "kimonif"]
[Result "1/2-1/2"]
[WhiteElo "2692"]
[BlackElo "2442"]

1. e4 c5 2. Nf3 d6 3. d4 cxd4 4. Nxd4 Nf6 5. Nc3 a6 6. Bg5 e6 7. f4 Be7 8. Qf3
Qc7 9. O-O-O Nbd7 10. g4 b5 11. Bxf6 Nxf6 12. g5 Nd7 13. f5 Bxg5+ 14. Kb1 O-O
15. fxe6 Nb6 16. Nd5 Nxd5 17. exd5 fxe6 18. Qh5 e5 19. Qxg5 exd4 20. Bd3 g6 21.
Rhf1 Qg7 22. Rxf8+ Qxf8 23. Rf1 Qe8 24. Qh4 Ra7 25. Re1 Qf8 26. a3 Rf7 27. Qxd4
Re7 28. Rf1 Rf7 29. Rxf7 Qxf7 30. Qb6 Bb7 31. Qxd6 Qxd5 32. Qb8+ Kg7 33. h4 Qf7
34. Qd6 Qd5 35. Qb6 Qc6 36. Qa7 Qh1+ 37. Ka2 Qf3 38. b3 Kh6 39. Qg1 Qf6 40. Qe3+
Kh5 41. Qc5+ Kh6 42. Be2 Qf4 43. Bd1 Bg2 44. Qe7 Bf1 45. Qd8 Bh3 46. Be2 Bg4 47.
Bd3 Qe5 48. Qf8+ Kh5 49. Qf7 Kh6 50. Qf2 Bf5 51. Qd2+ Kg7 52. Bxf5 Qxf5 53. Qe2
Qf6 54. Qe1 1/2-1/2

[Event "Challenge"]
[Site "http://www.queenalice.com/game.php?id=624735"]
[Date "2009.7.25"]
[Round "-"]
[White "kimonif"]
[Black "Conde7"]
[Result "1/2-1/2"]
[WhiteElo "2447"]
[BlackElo "2687"]

1. d4 Nf6 2. Nf3 d5 3. Bf4 c5 4. e3 e6 5. c3 Nc6 6. Nbd2 Bd6 7. Bg3 O-O 8. Bd3
Qe7 9. Ne5 Bxe5 10. dxe5 Nd7 11. f4 f6 12. Qh5 g6 13. exf6 Nxf6 14. Qg5 Nh5 15.
Qxe7 Nxe7 16. Bf2 Nf6 17. h3 Bd7 18. O-O-O Bc6 19. Rhe1 Rad8 20. Bc2 b6 21. Nf3
Nf5 22. Ne5 Bb7 23. g4 Nd6 24. Bh4 Kg7 25. Kb1 Rfe8 26. Bg5 Rf8 27. h4 Nf7 28.
Nxf7 Rxf7 29. Rg1 Rdd7 30. f5 e5 31. Rdf1 Ne4 32. Bxe4 dxe4 33. h5 Ba6 34. Rf2
Kg8 35. b3 Bc8 36. Kc2 c4 37. Rgg2 Rd6 38. bxc4 Ba6 39. fxg6 Rxf2+ 40. Rxf2 hxg6
41. c5 bxc5 42. h6 Rb6 43. Rf6 Bc8 44. Rxb6 axb6 45. Bd8 Bxg4 46. Bxb6 Kh7 47.
Bxc5 Be6 48. a4 Kxh6 49. Bd6 Kg5 1/2-1/2

[Event "Challenge"]
[Site "http://www.queenalice.com/game.php?id=683873"]
[Date "2009.11.15"]
[Round "-"]
[White "kimonif"]
[Black "pickles"]
[Result "1-0"]
[WhiteElo "2452"]
[BlackElo "2452"]

1. e4 e6 2. d4 d5 3. Nc3 Bb4 4. e5 c5 5. a3 Bxc3+ 6. bxc3 Ne7 7. Nf3 Bd7 8. Be2
Ba4 9. O-O Qc7 10. Ra2 Nd7 11. h3 O-O 12. Bd2 f6 13. exf6 Nxf6 14. Rb2 Bd7 15.
dxc5 Ne4 16. c4 Nxc5 17. Bb4 b6 18. Re1 Rad8 19. Qd4 Nc6 20. Qe3 Nxb4 21. axb4
Ne4 22. Bd3 Rf4 23. cxd5 exd5 24. c4 Re8 25. cxd5 Nf6 26. Qd2 Rxe1+ 27. Nxe1
Nxd5 28. Bxh7+ Kxh7 29. Qxd5 Qc3 30. Re2 Qc4 31. Qe5 Bc6 32. Rc2 Qe4 33. Qxe4+
Rxe4 34. Nf3 Ba4 35. Rc7 Kg6 36. Rxa7 Rxb4 37. Ne5+ Kf5 38. Ng4 g5 39. f3 Ke6
40. Rg7 Rb5 41. Kf2 Bc2 42. Ke3 Bb1 43. Rg8 Kf7 44. Rd8 Bf5 45. Kd4 Bxg4 46.
hxg4 Ke6 47. Re8+ Kf6 48. g3 Rb4+ 49. Kd5 Rb1 50. Rf8+ Kg6 51. f4 Rc1 52. Rb8
gxf4 53. gxf4 Rd1+ 54. Kc4 Rb1 55. g5 Rc1+ 56. Kd4 Rd1+ 57. Ke3 Re1+ 58. Kf2 Rb1
59. Rg8+ Kf7 60. Rd8 Rb2+ 61. Kf3 1-0